000 01702nam2a2200289 4500
001 RU\NLR\bibl\1410610
005 20250615211341.0
010 _a978-5-903802-06-7
_9500
021 _aRU
_b2009-50373
_93091
035 _a(NLR Aleph) 001402591
090 _a1231867
_c1231867
100 _a20090911d2008 |||y0rusy50 ca
101 0 _arus
102 _aRU
105 _aac |||||||||
200 0 _aЧ. 1
210 _d2008
_aБ. м.
215 _a334 с.
_cил., портр.
320 _aБиблиогр. в конце докл.
320 _aБиблиогр. о жизни и творчестве Тенишевых: с. 323-326
461 0 _1001RU\NLR\bibl\1421563
_12001#$aИнтеграция образования, науки и практики в системе подготовки и переподготовки специалистов кооперации$vЧ. 1
_91297498
_cБрянск
_d2008
_f[редкол.: Наперов В.А., к.п.н., проф. и др.]
_nБрянский филиал Российского университета кооперации
_oматериалы Международной научно-практической конференции, 15-17 мая 2007 года : посвящается 140-летию Марии Клавдиевны Тенишевой
_tИнтеграция образования, науки и практики в системе подготовки и переподготовки специалистов кооперации
_vЧ. 1
801 0 _aRU
_bNLR
_c20090911
_gRCR
801 1 _aRU
_bNLR
_c20090911
942 _cBOOK
980 _aNB